|
|
|
|
| LEADER |
00000nam a2200000 a 4500 |
| 001 |
vtls008176455 |
| 003 |
SK-MaSNL |
| 005 |
20260302074034.0 |
| 008 |
050629s1998 xr f 000 0 cze |
| 020 |
|
|
|a 8085821575
|q (brož.)
|
| 040 |
|
|
|a SNK
|b slo
|c SNK
|e AACR2
|
| 043 |
|
|
|a e-cs---
|
| 072 |
|
7 |
|a 323
|x Vnútropolitický vývoj, politický život
|2 konspekt
|
| 080 |
|
|
|a 323.28
|2 MDT-MRF
|
| 080 |
|
|
|a 351.746.1
|2 MDT-MRF
|
| 080 |
|
|
|a 351.746.2
|2 MDT-MRF
|
| 080 |
|
|
|a 94(437)"1989"
|2 MDT-MRF
|
| 080 |
|
|
|a (437)
|2 MDT-MRF
|
| 080 |
|
|
|a (093)
|2 MDT-MRF
|
| 245 |
0 |
0 |
|a Securitas imperii
|c [editoři Pavel Žáček a Patrik Benda]
|n 4/I-III
|p Sborník k problematice bezpečnostních služeb
|
| 250 |
|
|
|a 1. vyd.
|
| 260 |
|
|
|a Praha
|b Themis
|c 1998
|
| 300 |
|
|
|a 822 s.
|c 23 cm
|
| 490 |
1 |
|
|a Edice dokumentů
|
| 500 |
|
|
|a Aut. a vydav. údaje prevzaté z tir. 3. zv.
|
| 500 |
|
|
|a Vyd. Úřad dokumentace a vyšetřování zločinů komunismu
|
| 648 |
|
7 |
|a 1986-1989
|2 SNK
|9 582450
|
| 650 |
0 |
7 |
|a bezpečnostné služby
|2 SNKPH
|9 3897
|
| 650 |
0 |
7 |
|a tajné služby
|2 SNKPH
|9 29183
|
| 650 |
0 |
7 |
|a politická perzekúcia
|2 SNKPH
|9 75134
|
| 655 |
|
7 |
|a dokumenty
|2 SNKPH
|9 70482
|
| 700 |
1 |
|
|a Žáček, Pavel,
|d 1969-
|4 edt
|9 85653
|
| 700 |
1 |
|
|a Benda, Patrik
|4 edt
|9 397444
|
| 830 |
|
0 |
|a Edice dokumentů
|9 429305
|
| 919 |
|
|
|a 80-85821-57-5
|
| 958 |
|
|
|a OND
|
| 999 |
|
|
|c 1163384
|d 1165314
|
| 952 |
|
|
|a SNK
|b SNK
|y PREZ
|7 0
|p 17A0476832
|o snkSC 120875/4/1
|i snk2005/11311
|8 1
|0 0
|1 0
|4 0
|d 2005-06-29
|l 0
|r 2025-05-30 00:00:00
|w 2026-02-24
|
| 952 |
|
|
|a SNK
|b SNK
|y PREZ
|7 0
|p 17A0476831
|o snkSC 120875/4/2
|i snk2005/11312
|8 1
|0 0
|1 0
|4 0
|d 2005-06-29
|l 0
|r 2025-05-30 00:00:00
|w 2026-02-24
|
| 952 |
|
|
|a SNK
|b SNK
|y PREZ
|7 0
|p 17A0476830
|o snkSC 120875/4/3
|i snk2005/11313
|8 1
|0 0
|1 0
|4 0
|d 2005-06-29
|l 0
|r 2025-05-30 00:00:00
|w 2026-02-24
|